| 000 | 00385 a2200169 4500 | ||
|---|---|---|---|
| 001 | 74159 | ||
| 020 | _a853223766-5 | ||
| 040 | _cAnchieta - Colégio São Paulo | ||
| 100 | _aBoulos Júnior, Alfredo | ||
| 240 | 1 | 0 |
_a1º de Maio, dia do trabalho _lpor |
| 245 | 1 | 0 | _a1º de Maio, dia do trabalho |
| 300 | _a37 | ||
| 362 | 0 | _a1997 | |
| 440 | 1 | _aFTD | |
| 650 | 4 | _aBrasil | |
| 942 | _cBK | ||
| 999 |
_c74159 _d74159 |
||